| 000 | 00434nam a22001577a 4500 | ||
|---|---|---|---|
| 005 | 20140310183645.0 | ||
| 008 | 140108b xxu||||| |||| 00| 0 eng d | ||
| 020 | _a9789350561133 | ||
| 050 |
_aQL 752 _b.P189 2012 |
||
| 100 | _aPandey, Anupam | ||
| 245 |
_aPopulation ecology / _cAnupam Pandey |
||
| 260 |
_aNew Delhi : _bDiscovery Publishing House, _c2012. |
||
| 300 |
_a193 p. : _c25 cm. |
||
| 942 |
_2lcc _cBK _kFOR |
||
| 999 |
_c25924 _d25924 |
||